[Event "GRE-chT 44th"]
[Site "Achaia"]
[Date "2016.07.06"]
[Round "3.11"]
[White "Zysk, Robert"]
[Black "Kokkalis, Vasilios"]
[Result "1-0"]
[WhiteElo "2383"]
[BlackElo "2122"]
[PlyCount "35"]
[EventDate "2016.07.05"]
[EventType "team-swiss"]
[EventRounds "7"]
[EventCountry "GRE"]
[SourceTitle "CBM 173 Extra"]
[Source "ChessBase"]
[SourceDate "2016.08.29"]
[SourceVersion "1"]
[SourceVersionDate "2016.08.29"]
[SourceQuality "1"]
[WhiteTeam "Papagou DP"]
[BlackTeam "Patras Sailing"]
[WhiteTeamCountry "GRE"]
[BlackTeamCountry "GRE"]

1. Nf3 d5 2. c4 e6 3. d4 Nf6 4. Nc3 Be7 5. Bg5 0-0 6. e3 h6 7. Bxf6 Bxf6 8. Qb3 c6 9. Rd1 Qa5 10. Bd3 Nd7 11. 0-0 dxc4 12. Qxc4 e5 13. b4 Qa3 14. dxe5 Bxe5 15. Nb1 Qa4 16. Bc2 Qb5 17. Qxb5 cxb5 18. Bf5 1-0

[Event "GRE-chT 43rd"]
[Site "Porto Rio"]
[Date "2015.10.10"]
[Round "5.14"]
[White "Kokkalis, Vasilios"]
[Black "Mourelatos, Ilias"]
[Result "0-1"]
[WhiteElo "2137"]
[BlackElo "2128"]
[PlyCount "162"]
[EventDate "2015.10.08"]
[EventType "team-swiss"]
[EventRounds "7"]
[EventCountry "GRE"]
[SourceTitle "CBM 168 Extra"]
[Source "ChessBase"]
[SourceDate "2015.10.29"]
[SourceVersion "1"]
[SourceVersionDate "2015.10.29"]
[SourceQuality "1"]
[WhiteTeam "Patron Sailing"]
[BlackTeam "Kalamarias Han"]
[WhiteTeamCountry "GRE"]
[BlackTeamCountry "GRE"]

1. d4 Nf6 2. Bg5 e6 3. e4 c5 4. d5 h6 5. Bxf6 Qxf6 6. Nc3 a6 7. Nf3 d6 8. a4 Nd7 9. Bc4 Be7 10. 0-0 0-0 11. Qe2 e5 12. a5 Re8 13. Ne1 Nf8 14. Ra3 Bd8 15. g3 Qg6 16. Ng2 f5 17. f3 f4 18. g4 h5 19. h3 Nh7 20. Kf2 Ng5 21. Rh1 Rf8 22. Ke1 Nxh3 23. Rxh3 hxg4 24. Rh2 gxf3 25. Qxf3 Qg3+ 26. Qxg3 fxg3 27. Rh1 Rf2 28. Ne3 g2 29. Rh8+ Kxh8 30. Kxf2 Bh3 31. Nxg2 Bg5 32. Ne2 Rf8+ 33. Kg3 Bc8 34. Ng1 Bc1 35. Rb3 Bd2 36. Ra3 Bc1 37. Ra2 g5 38. Ne1 Be3 39. Nh3 g4 40. Ra3 Bd2 41. Nf3 gxf3 42. Bf1 Be1+ 43. Kh2 Bh4 44. Ng1 Bg4 45. Rb3 Rf7 46. Rb6 Rh7 47. Nh3 Bg5 48. Kg3 Bxh3 49. Bxh3 Bf4+ 50. Kg4 f2 51. Bg2 Rh1 52. Rxd6 Rg1 53. Kf3 f1Q+ 54. Bxf1 Rxf1+ 55. Kg4 Bd2 56. Rd8+ Kg7 57. Rd7+ Rf7 58. Rxf7+ Kxf7 59. Kf5 Bf4 60. d6 Bh2 61. b3 Bf4 62. c3 Bh2 63. d7 Ke7 64. d8Q+ Kxd8 65. Ke6 Bg3 66. c4 Be1 67. Kxe5 Bxa5 68. Kd6 Bb6 69. e5 Bc7+ 70. Kd5 Kd7 71. e6+ Ke7 72. Kxc5 Kxe6 73. Kb4 Kd6 74. Kc3 Kc6 75. b4 Bg3 76. Kb3 Be1 77. Ka4 b5+ 78. Kb3 bxc4+ 79. Kxc4 Bh4 80. Kc3 Kb5 81. Kb3 Be7 0-1

[Event "GRE-chT 41st"]
[Site "Achaia"]
[Date "2013.07.02"]
[Round "1.2"]
[White "Kokkalis, Vasilios"]
[Black "Dorfanis, Ilarion"]
[Result "1-0"]
[WhiteElo "2072"]
[BlackElo "2185"]
[PlyCount "117"]
[EventDate "2013.07.02"]
[EventType "team-swiss"]
[EventRounds "7"]
[EventCountry "GRE"]
[SourceTitle "CBM 155 Extra"]
[Source "ChessBase"]
[SourceDate "2013.08.26"]
[SourceVersion "1"]
[SourceVersionDate "2013.08.26"]
[SourceQuality "1"]
[WhiteTeam "Nautical Association"]
[BlackTeam "Kavalas OFS"]
[WhiteTeamCountry "GRE"]
[BlackTeamCountry "GRE"]

1. d4 Nf6 2. Nf3 e6 3. c4 d5 4. Nc3 Be7 5. cxd5 exd5 6. Bg5 h6 7. Bh4 0-0 8. e3 c6 9. Qc2 Ne4 10. Bxe7 Qxe7 11. Bd3 Re8 12. 0-0 Nd7 13. b4 Ndf6 14. b5 Nxc3 15. Qxc3 Ne4 16. Qc2 c5 17. dxc5 Nxc5 18. Rac1 b6 19. Rfd1 Bd7 20. Nd4 Rac8 21. Bh7+ Kf8 22. Bf5 Ne4 23. Qb2 Rc5 24. Bxd7 Qxd7 25. Nc6 a6 26. a4 axb5 27. axb5 Rxc1 28. Rxc1 Nc5 29. Ra1 Qf5 30. h3 h5 31. Ra7 h4 32. Nd4 Qf6 33. Qe2 g6 34. Qf3 Qxf3 35. Nxf3 Kg7 36. Nxh4 Re4 37. Nf3 Rb4 38. Ne5 Kf6 39. f4 Rb1+ 40. Kh2 g5 41. Rxf7+ Ke6 42. fxg5 Kxe5 43. g6 Ne6 44. h4 Rc1 45. h5 Rc8 46. g4 Rg8 47. Kg3 d4 48. exd4+ Kxd4 49. Kh4 Ke5 50. Rb7 Rd8 51. g7 Kf6 52. Rxb6 Re8 53. h6 Kf7 54. g5 Kg8 55. g6 Nd4 56. Rb7 Nf5+ 57. Kg5 Nxh6 58. Kxh6 Rd8 59. Rc7 1-0

[Event "Isthmia op-A 2nd"]
[Site "Korinthos"]
[Date "2012.08.22"]
[Round "6"]
[White "Dorfanis, Ilarion"]
[Black "Kokkalis, Vasilios"]
[Result "0-1"]
[WhiteElo "2239"]
[BlackElo "2072"]
[PlyCount "128"]
[EventDate "2012.08.18"]
[EventType "swiss"]
[EventRounds "9"]
[EventCountry "GRE"]
[SourceTitle "CBM 150 Extra"]
[Source "ChessBase"]
[SourceDate "2012.10.19"]
[SourceVersion "1"]
[SourceVersionDate "2012.10.19"]
[SourceQuality "1"]

1. c4 b6 2. Nc3 Bb7 3. e4 e6 4. d4 Bb4 5. Qc2 Bxc3+ 6. bxc3 Ne7 7. Nf3 f5 8. Bd3 0-0 9. Ba3 fxe4 10. Bxe4 Bxe4 11. Qxe4 Nbc6 12. 0-0 Rf6 13. d5 Na5 14. Ng5 Ng6 15. dxe6 dxe6 16. Nxe6 Qe8 17. Rae1 Rc8 18. f4 c5 19. f5 Nf8 20. Bc1 h6 21. Qg4 Qf7 22. h3 Kh8 23. Rf3 Re8 24. Qe4 Nxe6 25. fxe6 Rexe6 26. Qa8+ Kh7 27. Ref1 Rxf3 28. Rxf3 Rf6 29. Qe4+ Qg6 30. Re3 Rd6 31. Kh2 Qxe4 32. Rxe4 Rd3 33. Re7 Nxc4 34. Rxa7 Rxc3 35. Bf4 Ra3 36. Bb8 Kg6 37. Rxa3 Nxa3 38. Kg3 Kf5 39. Kf3 Nb5 40. Ke3 Ke6 41. Kd3 Kd5 42. a4 Nd6 43. Bc7 Kc6 44. Bd8 Nf5 45. Ke4 Nd6+ 46. Kd3 Nf7 47. Be7 Kd5 48. Bf8 g6 49. Kc3 h5 50. Be7 Ne5 51. Bd8 Kc6 52. Bf6 Nd7 53. Bd8 Nf8 54. g4 Ne6 55. gxh5 Nxd8 56. hxg6 Ne6 57. h4 Ng7 58. Kd3 Kd5 59. Kc3 c4 60. Kd2 Kd4 61. Kc2 c3 62. Kc1 Kd3 63. Kd1 Nh5 64. Kc1 c2 0-1

[Event "Patron CC-ch"]
[Site "Greece"]
[Date "2008.01.05"]
[Round "5"]
[White "Kokkalis, Vasilios"]
[Black "Pitselis, Grigorios"]
[Result "1-0"]
[WhiteElo "2129"]
[BlackElo "2132"]
[PlyCount "91"]
[EventDate "2008.01.02"]
[EventType "swiss"]
[EventRounds "7"]
[EventCountry "GRE"]
[SourceTitle "EXT 2010"]
[Source "ChessBase"]
[SourceDate "2010.11.25"]
[SourceVersion "1"]
[SourceVersionDate "2010.11.25"]
[SourceQuality "1"]

1. d4 d5 2. c4 e6 3. Nf3 Nf6 4. Nc3 Be7 5. Bg5 h6 6. Bxf6 Bxf6 7. e3 0-0 8. Qc2 c5 9. dxc5 Qa5 10. cxd5 exd5 11. 0-0-0 Bxc3 12. Qxc3 Qxa2 13. Bd3 Nc6 14. Kd2 Qa4 15. Ra1 Qg4 16. h3 Qe6 17. b4 Rd8 18. b5 d4 19. exd4 Ne7 20. Bc4 Qf6 21. Rhe1 Bf5 22. Qe3 Re8 23. Qe5 Qg6 24. g4 Bd7 25. Bd3 Qe6 26. Qxe6 Bxe6 27. Be4 Nd5 28. Ne5 Red8 29. Ra4 f6 30. Ng6 Kf7 31. f4 Nc7 32. f5 Bb3 33. Rb4 Bd5 34. Nf4 Bxe4 35. Rxe4 Nd5 36. Nxd5 Rxd5 37. Ra4 h5 38. Kd3 hxg4 39. hxg4 g6 40. fxg6+ Kxg6 41. Kc4 Rd7 42. c6 bxc6 43. bxc6 Rc7 44. Kc5 Rb8 45. d5 Kf7 46. d6 1-0

[Event "Patron CC-ch"]
[Site "Greece"]
[Date "2008.01.03"]
[Round "3"]
[White "Kokkalis, Vasilios"]
[Black "Masouros, Panagiotis"]
[Result "1-0"]
[WhiteElo "2129"]
[BlackElo "1941"]
[PlyCount "133"]
[EventDate "2008.01.02"]
[EventType "swiss"]
[EventRounds "7"]
[EventCountry "GRE"]
[SourceTitle "EXT 2010"]
[Source "ChessBase"]
[SourceDate "2010.11.25"]
[SourceVersion "1"]
[SourceVersionDate "2010.11.25"]
[SourceQuality "1"]

1. d4 Nf6 2. Nf3 c5 3. d5 e6 4. c4 exd5 5. cxd5 d6 6. Nc3 g6 7. e4 Bg7 8. h3 0-0 9. Bd3 a6 10. a4 Nbd7 11. Bf4 Qe7 12. 0-0 Nh5 13. Bh2 Ne5 14. Be2 Nxf3+ 15. Bxf3 Nf6 16. e5 dxe5 17. d6 Qe6 18. Re1 Nd7 19. Bd5 Qf6 20. Ne4 Qd8 21. a5 Kh8 22. Qc1 Rb8 23. Ng5 Qf6 24. Ra3 Bh6 25. h4 Kg7 26. Rf3 Qxd6 27. Qc4 Bxg5 28. hxg5 f5 29. gxf6+ Rxf6 30. Rfe3 b5 31. axb6 Nxb6 32. Qh4 Nxd5 33. Rxe5 Rb4 34. Qg5 Rg4 35. Rxd5 Rxg5 36. Rxd6 Rxd6 37. Bxd6 h5 38. Re7+ Kf6 39. Rc7 Rd5 40. Be7+ Ke6 41. Bxc5 Bd7 42. b4 Bb5 43. f3 Rd7 44. Rc8 Ke5 45. Rg8 Bd3 46. Kf2 Kf5 47. Ke3 Bc4 48. Rf8+ Kg5 49. Re8 Rd1 50. Be7+ Kf5 51. Bh4 Rd3+ 52. Kf2 Rd2+ 53. Kg1 g5 54. Rf8+ Kg6 55. Rc8 Bd5 56. Be1 Rd1 57. Kf2 Rb1 58. Rd8 Bc4 59. Rd6+ Kf5 60. Bc3 g4 61. Rf6+ Kg5 62. f4+ Kh4 63. Rf5 g3+ 64. Ke3 Rd1 65. Bf6+ Kg4 66. Rg5+ Kh4 67. Rg6# 1-0

[Event "Pirgou Sphlios op 2nd"]
[Site "Greece"]
[Date "2007.08.18"]
[Round "5"]
[White "Kokkalis, Vasilios"]
[Black "Papandreou, Giorgos"]
[Result "1-0"]
[WhiteElo "2025"]
[BlackElo "1575"]
[PlyCount "67"]
[EventDate "2007.08.16"]
[EventType "swiss"]
[EventRounds "7"]
[EventCountry "GRE"]
[SourceTitle "EXT 2008"]
[Source "ChessBase"]
[SourceDate "2007.11.25"]
[SourceVersion "1"]
[SourceVersionDate "2007.11.25"]
[SourceQuality "1"]

1. d4 Nf6 2. Nf3 d5 3. c4 c6 4. Nc3 Bf5 5. cxd5 cxd5 6. Qb3 b6 7. e4 dxe4 8. Ne5 Be6 9. Bb5+ Nbd7 10. d5 Bf5 11. Bg5 a6 12. Bc6 Rc8 13. Rd1 h6 14. Be3 b5 15. h3 h5 16. 0-0 g6 17. a4 Bg7 18. axb5 axb5 19. d6 0-0 20. Nxd7 Bxd7 21. Bb7 Rb8 22. Bxe4 Nxe4 23. Nxe4 Be6 24. Qb4 exd6 25. Nxd6 Qf6 26. Bd4 Qg5 27. Be3 Qe5 28. Rd2 Kh7 29. Bd4 Qg5 30. Be3 Qe5 31. Ne4 Kg8 32. Rfd1 Rfc8 33. Ng5 Rc4 34. Rd8+ 1-0

[Event "Athens Acropolis op"]
[Site "Athens"]
[Date "2004.11.16"]
[Round "1"]
[White "Skalkotas, Nikolaos"]
[Black "Kokkalis, Vasilios"]
[Result "1/2-1/2"]
[WhiteElo "2286"]
[BlackElo "2116"]
[PlyCount "72"]
[EventDate "2004.11.16"]
[EventType "swiss"]
[EventRounds "9"]
[EventCountry "GRE"]
[SourceTitle "CBM 103 Extra"]
[Source "ChessBase"]
[SourceDate "2005.01.01"]
[SourceVersion "1"]
[SourceVersionDate "2005.01.01"]
[SourceQuality "1"]

1. c4 e6 2. g3 d5 3. Bg2 Nf6 4. Nf3 Be7 5. 0-0 0-0 6. d4 dxc4 7. Qc2 a6 8. Qxc4 b5 9. Qc2 Bb7 10. Bf4 Nd5 11. Nbd2 Nd7 12. Nb3 Nxf4 13. gxf4 c5 14. Nxc5 Nxc5 15. dxc5 Qc7 16. Ng5 Bxg5 17. Bxb7 Qxb7 18. fxg5 Rac8 19. Rfd1 Qe7 20. c6 Qxg5+ 21. Kh1 Qf5 22. Qxf5 exf5 23. Rac1 Rc7 24. a4 bxa4 25. Rd4 Rfc8 26. Kg2 g6 27. Rdc4 Kg7 28. Kf3 Kf6 29. Rxa4 Rxc6 30. Rxa6 Rxa6 31. Rxc8 Rb6 32. Rc2 Rb3+ 33. Kg2 f4 34. f3 Kg5 35. Kf2 h5 36. Kg2 Kh4 1/2-1/2

[Event "Ikaros op"]
[Site "Athens"]
[Date "1997.??.??"]
[Round "5"]
[White "Kokkalis, Vasilios"]
[Black "Zoulias, Theodoros"]
[Result "0-1"]
[WhiteElo "1835"]
[BlackElo "1920"]
[PlyCount "94"]
[EventDate "1997.??.??"]
[EventType "swiss"]
[EventRounds "7"]
[EventCountry "GRE"]
[SourceTitle "EXT 2004"]
[Source "ChessBase"]
[SourceDate "2003.11.25"]
[SourceVersion "1"]
[SourceVersionDate "2003.11.25"]
[SourceQuality "1"]

1. d4 Nf6 2. c4 e6 3. g3 d5 4. Bg2 dxc4 5. Nf3 c5 6. 0-0 Nc6 7. dxc5 Qxd1 8. Rxd1 Bxc5 9. Nbd2 c3 10. bxc3 Bd7 11. Rb1 b6 12. Ne5 Rc8 13. Nxd7 Nxd7 14. Ne4 Ke7 15. Bf4 Rhd8 16. Nd6 Bxd6 17. Bxd6+ Ke8 18. f4 Na5 19. f5 e5 20. Rb5 Nc4 21. Bb7 Nxd6 22. Rxd6 Nc5 23. Bc6+ Ke7 24. Rxd8 Rxd8 25. Rb2 Rd6 26. Bf3 Rd1+ 27. Kf2 Rc1 28. Ke3 Rxc3+ 29. Kd2 Rc4 30. e3 Na4 31. Rb5 Rc5 32. Rb4 Nc3 33. Rb3 Nd5 34. Ra3 a5 35. Rb3 b5 36. a3 Nf6 37. Be2 Ne4+ 38. Kd3 Nd6 39. g4 h6 40. Rc3 Rxc3+ 41. Kxc3 Kf6 42. h4 h5 43. g5+ Kxf5 44. Bxh5 Ke4 45. Be2 Kxe3 46. Bf1 g6 47. Bh3 Kf4 0-1